000 01019nam a2200301Ia 4500
001 19369
003 IT-RoPAU
008 130308s9999 xx 000 0 und d
040 _aIT-RoPAU
040 _cIT-RoPAU
041 _aFRANCESE
100 _aBeville Gilbert
100 _gCodice Aut. SPICS: 5751
245 _a51 fiches-Jeux de formation-Les nombres, les mots, les images
245 _b51 Fiches-Jeux de Formation-Les Nombres, Les Mots, Les Images
250 _a1a ed.
260 _aPARIS
260 _bOrganisation
260 _c1979 [1° Ed.:1979 - Ed.Ling.Originale:1979]
300 _a"262 p. (prefazione: no ; testo: 262)"
500 _a51 Schede Giochi di Formazione Numeri Parole immagini Teoria dei Giochi Giochi di Parole Disegno Televisione significazione dei Numeri Dedalo Moltiplicazione Araba lettere parlanti Immaginazione e Creazione
650 _aDIDATTICA AUDIOVISIVA
650 _eCodice materia Spics: 4002
942 _cBK
957 _71
999 _c67934
_d67934
999 _bSI
999 _g1